| 000 | 00629cam a22002293a 4500 | ||
|---|---|---|---|
| 001 | 16478 | ||
| 003 | PGUSA | ||
| 005 | 20140828083342.0 | ||
| 008 | 050808s2005||||xxu|||||s|||||000 | eng d | ||
| 040 |
_aPGUSA _beng |
||
| 042 | _adc | ||
| 050 | 4 | _aPN | |
| 100 | 1 |
_aKemble, Fanny, _d1809-1893 |
|
| 245 | 1 | 0 |
_aRecords of a Girlhood _h[electronic resource] / _cFanny Kemble |
| 260 |
_bProject Gutenberg, _c2005 |
||
| 506 | _aPublic domain in the USA. | ||
| 516 | _aElectronic text | ||
| 653 | _aKemble, Fanny, 1809-1893 | ||
| 830 | 0 |
_aProject Gutenberg _v16478 |
|
| 856 | 4 | 0 | _uhttp://www.gutenberg.org/ebooks/16478 |
| 942 | _cEB | ||
| 999 |
_c245733 _d245733 |
||